Παρίσι : Ανω Σηκουάνας. Σηκουάνας Σαίν-Ντενί. Κοιλάδα του Μάρνη.
Αποθηκεύτηκε σε:
| Μορφή: | Βιβλίο |
|---|---|
| Γλώσσα: | Greek |
| Δημοσίευση: |
Αθήνα :
Γιαλλελής,
1992
|
| Σειρά: | Οι μπλέ οδηγοί
Guides bleus |
| Θέματα: | |
| Ετικέτες: |
Προσθήκη ετικέτας
Δεν υπάρχουν, Καταχωρήστε ετικέτα πρώτοι!
|
MARC
| LEADER | 00000nam a2200000 i 4500 | ||
|---|---|---|---|
| 001 | 1/38180 | ||
| 008 | 970602s1992 gre d | ||
| 035 | |a 1993 |l 10040706 | ||
| 040 | |a GR-MY-UA |b gre |e aacr | ||
| 041 | 0 | |a gre | |
| 082 | 0 | |a 914.4 | |
| 245 | 1 | 0 | |a Παρίσι : |b Ανω Σηκουάνας. Σηκουάνας Σαίν-Ντενί. Κοιλάδα του Μάρνη. |
| 260 | |a Αθήνα : |b Γιαλλελής, |c 1992 | ||
| 300 | |a 1003 σ.; |c 17 cm.+ |e 4 χάρτες | ||
| 490 | 1 | |a οι μπλέ οδηγοί | |
| 490 | 1 | |a Les guides bleus | |
| 651 | 0 | |a France |x Guidebooks. | |
| 651 | 0 | |a Paris (France) |x Guidebooks. | |
| 651 | 0 | |a France |x Description and travel. | |
| 651 | 0 | |a Paris (France) |x Maps. | |
| 830 | 0 | |a Οι μπλέ οδηγοί | |
| 830 | 0 | |a Guides bleus | |
| 852 | |a INST |b SAMOS |e 19970602 |h 914.4 ΠΑΡ |p 005300009077 |q 005300009077 |t REF |y 23 | ||
| 909 | |a Σ |b 030374 | ||